Rob Roy. From the last revised edition, containing the author's final corrections, notes, &c

Saved in:
Bibliografiske detaljer
Hovedforfatter: Scott, Walter (Author)
Format: Bog
Sprog:engelsk
Udgivet: Boston Sanborn, Carter and Bazin 1855
Udgivelse:2a. ed
Serier:Waverley Novels: Library Edition, IV
Fag:
Tags: Tilføj Tag
Ingen Tags, Vær først til at tagge denne postø!

MARC

LEADER 00000nam a2200000 a 4500
001 UCJ7979
003 CL-VaPUC
008 070124e18550000US |||||||||||||||||eng|d
082 0 4 |a 823  |b SCO  |2 21 
100 0 |a Scott, Walter  |e author  |9 354318 
245 1 0 |a Rob Roy. From the last revised edition, containing the author's final corrections, notes, &c 
250 |a 2a. ed 
300 |a 239 p 
942 |c BK 
945 |d 20070124 00:00:00  |a rinostro 
260 |a Boston  |b Sanborn, Carter and Bazin  |c 1855 
500 |a Dos grabados al comienzo 
650 7 |a NOVELA ESCOCESA  |2 CL-VaPUC  |9 330483 
650 0 |a Ilustraciones  |9 369481 
583 |a last modification  |c 20070124 00:00:00  |k Rodrigo Vera 
490 0 |a Waverley Novels: Library Edition, IV 
999 |c 323839  |d 323837 
952 |0 0  |1 0  |4 0  |6 823_000000000000000_SCO_1855  |7 0  |8 X  |9 403660  |a FDOBUD  |b FDOBUD  |d 2019-11-22  |i 1071076  |o 823 SCO 1855  |p 1071076  |r 2019-11-22  |w 2019-11-22  |y BK_X  |k BUD